000 01189nam a2200337 i 4500
005 20220317001448.0
007 ta
008 210819s2014 sp a cr 000 j spa d
020 _a9788415208525
040 _aCO-BoRNBP
_bspa
_cCO-BoRNBP
_erda
041 0 _aspa
084 _aC SAK1
100 1 _aSaki
_d1870-1916
_eautor
245 1 3 _aEl cuentacuentos
_cSaki ; de las ilustraciones Isabelle Vandenabeele
264 1 _aAlbolote, España
_bBarbara Fiore Editora
_c2014
300 _a43 páginas
_bilustraciones
_c31 cm
336 _atexto
_btxt
_2rdacontent
337 _asin mediación
_bn
_2rdamedia
338 _avolumen
_bnc
_2rdacarrier
500 _aSaki es seudónimo de Hector Hugh Munro
521 _aRecomendado para un público mayor de 12 años
650 1 7 _aCuentos juveniles ingleses
_ySiglo XIX
_2LEMB
650 1 7 _aLiteratura juvenil inglesa
_ySiglo XIX
_2LEMB
650 1 7 _aAutores ingleses
_ySiglo XIX
_2LEMB
650 1 7 _aTransportes ferroviarios
_vCuentos
_2LEMB
650 1 7 _aFamilias
_vCuentos
_2LEMB
650 1 7 _aAnecdotas
_vCuentos
_2LEMB
650 1 7 _aViajes
_vCuentos
_2LEMB
700 1 _aVandenabeele, Isabelle
_d1972-
_eilustradora
_9182519
942 _2loc
_cBKLIT
999 _c7051
_d7051